| 000 | 00414nam a22001337a 4500 | ||
|---|---|---|---|
| 082 | _aP-252 | ||
| 100 |
_aShuaib. _948028 |
||
| 245 |
_aComparison of cone penetrometer and vane shear test for assessment of trafficability. _cAamir, Sohail, Hamid, Awais, Kamran. |
||
| 260 |
_aRisalpur: _bMCE. _c21-04-2004 |
||
| 526 |
_a0 _b0 _c0 _dP_252 |
||
| 650 | _aProject. | ||
| 700 |
_aDr. Farhat Javed _947908 |
||
| 942 |
_2ddc _cBK |
||
| 999 |
_c551076 _d551076 |
||